| 000 | 00631nam a2200217 a 4500 | ||
|---|---|---|---|
| 001 | 000022693 | ||
| 005 | 20200930021737.0 | ||
| 008 | 101115s1967 sp r 000 | spa d | ||
| 040 |
_aDO-SdBNP _bspa _cBNPHU |
||
| 082 |
_a864.62 _bS165d |
||
| 100 | 1 |
_aSalinas, Pedro _913600 |
|
| 245 | 1 | 3 |
_aEl defensor / _cPedro Salinas, introducción de Juan Marichal. |
| 250 |
_aMadrid : _bAlianza, |
||
| 260 | _a1967. | ||
| 300 |
_a336 p. ; _c18 cm. |
||
| 440 | 0 |
_aEl libro de bolsillo; _v79 _94072 |
|
| 650 | 4 |
_aEnsayos españoles _93095 |
|
| 650 | 4 |
_aLiteratura española _9632 |
|
| 700 | 1 |
_aMarichal, Juan _eintrod. _946661 |
|
| 049 | _aBNGR | ||
| 999 |
_c22190 _d22190 |
||